Relatos de un Maniquí : historia contemporánea de la industria de la moda en Guadalajara, Jalisco, México /

Historia de las prendas femeninas en Occidente, preferentemente las exteriores, desde mediados del siglo XVI y hasta finales de la década de 1960; poco se habla de accesorios o complementos, como joyería, bolsos o zapatos. El objetivo es mostrar que la moda, a lo largo de los siglos, ha estado fuert...

Täydet tiedot

Tallennettuna:
Bibliografiset tiedot
Päätekijä: Lupercio Martínez, Jorge Armando (dirección)
Muut tekijät: Cruz López, Sandro Armando (dirección) (dirección)
Aineistotyyppi: Kirja
Kieli:espanja
Julkaistu: Guadalajara, México : Conexión, 2022, c2022
Aiheet:
Tagit: Lisää tagi
Ei tageja, Lisää ensimmäinen tagi!

MARC

LEADER 00000nam^a2200000^a^4500
001 000575880
005 20250521000000.0
009 20260310132417.53
037 |a Acervo ITESO - Biblioteca 
041 |a ESP 
082 |a 746. 920972352  |b LUP 
100 |a Lupercio Martínez, Jorge Armando  |e (dirección) 
245 1 0 |a Relatos de un Maniquí :  |b historia contemporánea de la industria de la moda en Guadalajara, Jalisco, México /  |c Dir. y pról. de J.A. Lupercio Martínez, S.A. Cruz Lópéz ; fotógrafo Adal Gómez... [et al.]. 
264 4 |a Guadalajara, México :  |b Conexión,  |c 2022, c2022 
300 |a 299 p. 
336 |a texto  |b txt  |2 rdacontenido 
337 |a sin mediación  |b n  |2 rdamedio 
338 |a volumen  |b nc  |2 rdasoporte 
520 |a Historia de las prendas femeninas en Occidente, preferentemente las exteriores, desde mediados del siglo XVI y hasta finales de la década de 1960; poco se habla de accesorios o complementos, como joyería, bolsos o zapatos. El objetivo es mostrar que la moda, a lo largo de los siglos, ha estado fuertemente relacionada con aspectos sociales, políticos y, en muchas ocasiones, hasta religiosos. El corte temporal se debe a que únicamente desde aproximadamente 1550 se cuenta con ejemplos en buenas condiciones; el trabajo se ha apoyado, además, en las representaciones pictóricas de cada época. 
649 |a XX 
650 |a Modistos -  |z Jalisco 
650 |a Modistos -  |z México 
650 |a Modelos -  |z Jalisco 
650 |a Modelos -  |z México 
650 |a Industria del Vestido -  |z Guadalajara, Jalisco -  |x Historia -  |x Tema Principal 
650 |a Industria del Vestido -  |z México -  |x Historia 
650 |a Diseño de Moda -  |z Guadalajara, Jalisco -  |x Historia 
650 |a Diseño de Moda -  |z México -  |x Historia 
650 |a Moda -  |z Guadalajara, Jalisco -  |x Historia -  |x Tema Principal 
650 |a Moda -  |z México  |x Historia 
650 |a Prácticas Culturales -  |z Guadalajara, Jalisco -  |x Historia 
650 |a Prácticas Culturales -  |z México -  |x Historia 
650 |a Sociología de la Cultura 
650 |a Guadalajara, Jalisco -  |x Historia -  |y 1946-2000 
650 |a México -  |x Historia -  |y 1946-2000 
650 |a Guadalajara, Jalisco -  |x Historia -  |y Siglo XXI 
650 |a México -  |x Historia -  |y Siglo XXI 
700 |a Cruz López, Sandro Armando  |e (dirección) 
910 |a Fondo General 
920 |a Impresos - Libros 
930 |a Apartado Especial 
905 |a 149 
901 |a 0500402828  |b IT2  |c AEE  |i D130590  |u 20250521 
902 |a https://opac.biblio.iteso.mx/vufind/Record/000575880